000 00426nam a2200181Ia 4500
001 10266
005 20260306161819.0
008 260306t1968||||xx |||||||||||||| ||spa||
041 _aESP
082 _a910.48
_bT869
100 _aToynbee, Arnold J.
_eAUT
245 0 _aEntre el Maule y el Amazonas
260 _c1968
300 _a157 páginas :
_c20 cm.
650 _aGEN
654 _aCHU
942 _cLIB
_dJUS
_fJUS
_2ddc
_n
999 _c10266
_d10266